A részvét stációi [vers] /

Elmentve itt :
Bibliográfiai részletek
Szerző: Fodor András
Dokumentumtípus: Cikk
Megjelent: 1978
Sorozat:Tiszatáj 32 No. 9
Kulcsszavak:Magyar irodalom - vers
Online Access:http://tiszataj.bibl.u-szeged.hu/10179
LEADER 00566nab a2200181 i 4500
001 tisza10179
005 20200330142532.0
008 170616s1978 hu o 0|| hun d
022 |a 0133-1167 
040 |a SZTE Tiszatáj Archívum  |b hun 
041 |a hun 
100 1 |a Fodor András 
245 1 2 |a A részvét stációi   |h [elektronikus dokumentum] :  |b [vers] /  |c  Fodor András 
260 |c 1978 
300 |a 6 
490 0 |a Tiszatáj  |v 32 No. 9 
695 |a Magyar irodalom - vers 
856 4 0 |u http://tiszataj.bibl.u-szeged.hu/10179/1/tiszataj_1978_009_006.pdf  |z Dokumentum-elérés